| 000 | 00404nam a2200169Ia 4500 | ||
|---|---|---|---|
| 008 | 210210b1950 xxu||||| |||| 00| 0 eng d | ||
| 041 | _aeng | ||
| 082 | _a822/1295 | ||
| 100 | _aWIART (Adrian Carton De) | ||
| 245 | _aHappy Odyssy | ||
| 260 |
_aLondon _bJonathan Cape _c1950 |
||
| 650 | _aOdyssy | ||
| 650 | _aHappy | ||
| 690 | _aEnglish Prose | ||
| 700 | _aCHURCHILL (S Winston) | ||
| 906 | _a013477 | ||
| 999 |
_c132358 _d132358 |
||